| 000 | 02543namaa2200481uu 4500 | ||
|---|---|---|---|
| 001 | doab133069 | ||
| 003 | oapen | ||
| 005 | 20260218110450.0 | ||
| 006 | m o d | ||
| 007 | cr|mn|---annan | ||
| 008 | 240116s2024 xx |||||o ||| 0|eng d | ||
| 020 | _a978-3-031-46917-6 | ||
| 020 | _a9783031469169 | ||
| 020 | _a9783031469176 | ||
| 024 | 7 |
_a10.1007/978-3-031-46917-6 _2doi |
|
| 040 |
_aoapen _coapen _d |
||
| 041 | 0 | _aeng | |
| 042 | _adc | ||
| 720 | 1 |
_aCordovil, João L. _4edt |
|
| 245 | 0 | 0 |
_aNew Mechanism _bExplanation, Emergence and Reduction |
| 260 |
_aCham _bSpringer Nature _c2024 |
||
| 300 | _a1 online resource (272 p.) | ||
| 336 |
_atext _btxt _2rdacontent |
||
| 337 |
_acomputer _bc _2rdamedia |
||
| 338 |
_aonline resource _bcr _2rdacarrier |
||
| 490 | 1 | _aHistory, Philosophy and Theory of the Life Sciences | |
| 506 | 0 |
_fUnrestricted online access _2star |
|
| 520 | _aThis open access book addresses the epistemological and ontological significance as well as the scope of new mechanism. In particular, this book addresses the issues of what is "new" about new mechanism, the epistemological and ontological reasons underlying the adoption of mechanistic instead of other modelling strategies as well as the possibility of mechanistic explanation to accommodate a non-trivial notion of emergence. Arguably, new mechanism has been particularly successful in making sense of scientific practice in the molecular life sciences. But what about other sciences? This book enlarges the context of analysis, addressing the issue of the putative compatibility between the current ways of conceiving new mechanism and actual scientific practices in quantum physics, chemistry, biochemistry, developmental biology and the cognitive sciences. | ||
| 536 | _aCentro Interdisciplinar de Performance Humana, Universidade de Lisboa | ||
| 540 |
_aCreative Commons _fby/4.0/ _2cc _uhttp://creativecommons.org/licenses/by/4.0/ |
||
| 546 | _aEnglish | ||
| 650 | 7 |
_aMachine learning _2bicssc |
|
| 650 | 7 |
_aPhilosophy of science _2bicssc |
|
| 650 | 7 |
_aPhilosophy: epistemology & theory of knowledge _2bicssc |
|
| 720 | 1 |
_aCordovil, João L. _4oth |
|
| 720 | 1 |
_aSantos, Gil _4edt |
|
| 720 | 1 |
_aSantos, Gil _4oth |
|
| 720 | 1 |
_aVecchi, Davide _4edt |
|
| 720 | 1 |
_aVecchi, Davide _4oth |
|
| 793 | 0 | _aDOAB Library. | |
| 856 |
_uhttps://docs.google.com/spreadsheets/d/1yKIrdCPDAG_9c22mwoOIO2DOhtj65Wqa/edit?usp=sharing&ouid=106555315294820607512&rtpof=true&sd=true _yList of Curated E-Books |
||
| 942 | _cE-BOOK | ||
| 999 |
_c81412 _d81411 |
||